ნორმალური ფორმატი
MARC ფორმატი
ჩანაწერი Personal Name
ჩანაწერთა რაოდენობა, რომელიც გამოყენებულია: 1
001 - CONTROL NUMBER
- control field: 24518
003 - CONTROL NUMBER IDENTIFIER
- control field: GE_BSU
005 - DATE AND TIME OF LATEST TRANSACTION
- control field: 20250311164816.0
008 - FIXED-LENGTH DATA ELEMENTS
- fixed length control field: 250311|| aca||aabn | a|a d
040 ## - CATALOGING SOURCE
- Original cataloging agency: GE_BSU
- Transcribing agency: GE_BSU
100 ## - HEADING--PERSONAL NAME
- Personal name: თავაძე, სოფიო
- Relator term: შემდგენელი
670 ## - SOURCE DATA FOUND
- Source citation: Work cat.: (GE_BSU)51571: წმინდა მაქსიმე აღმსარებელი ; წმინდა ათანასე ათონელი ; წმინდა მაქსიმე ბერძენი ; წმინდა იპოლიტე რომაელი /
